Statistiques concernant Pays et États non-reconnus du Caucase

Cliquez ici pour prendre le quiz!

Statistiques générales

  • Ce quiz a été pris 7 744 fois
  • Le résultat moyen est 6 sur 8

Réponses sur la Carte

Les réponses sont colorées sur une échelle allant du rouge au vert en fonction du pourcentage des utilisateurs qui les ont devinées à leur premier essai. Vous pouvez retrouver ces pourcentages ci-dessous.
Chargement ...
 

Statistiques - réponses

Pays% Correct
Géorgie
96%
Arménie
95%
Turquie
95%
Azerbaïdjan
93%
Russie
90%
Ossétie du Sud
45%
Haut-Karabagh
43%
Abkhazie
36%

Distribution des résultats

Percentile par nombre de réponses

% des personnes avec chaque résultat

Votre développement - résultats

Vous n’avez pas pris ce quiz